[Event "New York Fall GM-B"]
[Site "New York USA"]
[Date "2024.11.11"]
[Round "9.2"]
[White "Cordova, Emilio"]
[Black "Mendes, Aaron Reeve"]
[Result "1/2-1/2"]
[WhiteElo "2525"]
[BlackElo "2320"]
[PlyCount "30"]
[GameId "2129405227687621"]
[EventDate "2024.11.07"]
[EventType "tourn"]
[EventRounds "9"]
[EventCountry "USA"]
[EventCategory "6"]
[SourceTitle "10Days CBH #1-#780"]
[Source "ChessMix "]
[SourceDate "2024.12.20"]
[SourceVersion "1"]
[SourceVersionDate "2024.12.20"]
[SourceQuality "1"]

1. d4 d5 2. Nf3 Nf6 3. c4 c6 4. cxd5 cxd5 5. Nc3 Nc6 6. Bf4 Bf5 7. e3 e6 8. Bd3 Bxd3 9. Qxd3 Bd6 10. Bxd6 Qxd6 11. O-O O-O 12. Rfc1 Rfc8 13. h3 h6 14. Qd1 a6 15. Na4 Nd7 1/2-1/2

[Event "US Masters"]
[Site "Charlotte USA"]
[Date "2024.11.28"]
[Round "2.21"]
[White "Mitrabha, Guha"]
[Black "Mendes, Aaron Reeve"]
[Result "1-0"]
[WhiteElo "2511"]
[BlackElo "2320"]
[PlyCount "97"]
[GameId "2129405228072959"]
[EventDate "2024.11.27"]
[EventType "swiss"]
[EventRounds "9"]
[EventCountry "USA"]
[SourceTitle "10Days CBH #1-#780"]
[Source "ChessMix "]
[SourceDate "2024.12.20"]
[SourceVersion "1"]
[SourceVersionDate "2024.12.20"]
[SourceQuality "1"]

1. c4 c6 2. Nc3 d5 3. cxd5 cxd5 4. d4 Nf6 5. Nf3 Nc6 6. Bf4 Bf5 7. Qb3 Qb6 8. Qxb6 axb6 9. e3 e6 10. Bb5 Nd7 11. Nh4 Bg4 12. h3 Bh5 13. g4 Bg6 14. Nxg6 hxg6 15. Rc1 Be7 16. a3 O-O 17. h4 Rfc8 18. Ke2 Nf6 19. g5 Ne8 20. h5 Bd6 21. Bxd6 Nxd6 22. hxg6 fxg6 23. Bd3 Kf7 24. Nb5 Nxb5 25. Bxb5 Ke7 26. Bd3 Kf7 27. Rc3 e5 28. dxe5 Nxe5 29. Rhc1 Nc6 30. Kd2 Rh8 31. Rb3 Rh2 32. Rxb6 Ne5 33. Rc7+ Kf8 34. Ke2 Kg8 35. Re6 Ng4 36. Ree7 Rf8 37. Bxg6 Kh8 38. Kd3 Nxf2+ 39. Kd4 Rh4+ 40. Kc5 Nd1 41. Rxb7 Rc4+ 42. Kd6 d4 43. Re4 Kg8 44. Rh4 d3 45. Bh7+ Kh8 46. Be4+ Kg8 47. Bd5+ Rf7 48. Bxf7+ Kf8 49. Rh8# 1-0

[Event "Saint Louis Masters"]
[Site "Saint Louis USA"]
[Date "2024.12.03"]
[Round "1.16"]
[White "Matviishen, Viktor"]
[Black "Mendes, Aaron Reeve"]
[Result "1/2-1/2"]
[WhiteElo "2566"]
[BlackElo "2359"]
[PlyCount "90"]
[GameId "2129405228077376"]
[EventDate "2024.12.03"]
[EventType "swiss"]
[EventRounds "9"]
[EventCountry "USA"]
[SourceTitle "10Days CBH #1-#780"]
[Source "ChessMix "]
[SourceDate "2024.12.20"]
[SourceVersion "1"]
[SourceVersionDate "2024.12.20"]
[SourceQuality "1"]

1. d4 d5 2. c4 c6 3. Nf3 Nf6 4. Nc3 dxc4 5. a4 Bf5 6. e3 e6 7. Bxc4 Nbd7 8. O-O Bb4 9. Qe2 Bg6 10. Rd1 Qc7 11. h3 O-O 12. Nh4 Rad8 13. Nxg6 hxg6 14. Qc2 a6 15. Na2 Be7 16. b4 a5 17. bxa5 Qxa5 18. Rb1 Qc7 19. Nc3 Rb8 20. Bd2 Rfd8 21. Rdc1 Ba3 22. Rd1 Be7 23. Ba2 Nb6 24. Ne2 Ra8 25. a5 Nbd7 26. e4 Rdc8 27. Rdc1 b6 28. Nf4 Ba3 29. axb6 Nxb6 30. Re1 Re8 31. Nd3 Bf8 32. Bb3 Qd8 33. Bc3 Nbd7 34. Bb2 Rc8 35. Ba4 Qa5 36. Rbc1 Red8 37. Bc3 Qc7 38. Bb3 c5 39. Bb4 Qb7 40. dxc5 Nxc5 41. Bxc5 Nd7 42. Red1 Nxc5 43. Nxc5 Rxd1+ 44. Qxd1 Bxc5 45. Rc4 Be7 1/2-1/2

[Event "Saint Louis Masters"]
[Site "Saint Louis USA"]
[Date "2024.12.03"]
[Round "2.21"]
[White "Mendes, Aaron Reeve"]
[Black "Cordova, Emilio"]
[Result "0-1"]
[WhiteElo "2359"]
[BlackElo "2531"]
[PlyCount "140"]
[GameId "2129405228077406"]
[EventDate "2024.12.03"]
[EventType "swiss"]
[EventRounds "9"]
[EventCountry "USA"]
[SourceTitle "10Days CBH #1-#780"]
[Source "ChessMix "]
[SourceDate "2024.12.20"]
[SourceVersion "1"]
[SourceVersionDate "2024.12.20"]
[SourceQuality "1"]

1. e4 Nc6 2. d4 d5 3. e5 Bf5 4. c3 e6 5. Bd3 Nge7 6. Ne2 Qd7 7. Ng3 Bxd3 8. Qxd3 O-O-O 9. Be3 f6 10. f4 Qe8 11. Nd2 Qg6 12. Qxg6 hxg6 13. Ke2 Ng8 14. Nf3 Nh6 15. h3 Nf7 16. Rhf1 a5 17. a4 Be7 18. Ng1 Nh6 19. Nf3 Nf5 20. Nxf5 gxf5 21. Rh1 Rh7 22. Kd3 Rg8 23. h4 b6 24. Rag1 Rgh8 25. g4 fxg4 26. Rxg4 Bf8 27. Bf2 Ne7 28. Re1 Kd7 29. Re2 Rh5 30. b3 R8h6 31. Re1 Rg6 32. Reg1 Rxg4 33. Rxg4 Ke8 34. c4 Kf7 35. Rg1 Rf5 36. Be3 Nc6 37. Bd2 Nb4+ 38. Bxb4 Bxb4 39. Rg4 c5 40. Kc2 Rh5 41. Kd3 Ba3 42. Kd2 dxc4 43. bxc4 cxd4 44. Kc2 Bc5 45. Kd3 Rh8 46. Rg1 Rf8 47. Nd2 fxe5 48. fxe5 Kg8 49. Rg6 Rf4 50. h5 Rh4 51. Rxe6 Rxh5 52. Nf3 Rh6 53. Re8+ Kf7 54. Rc8 Rg6 55. Ke4 Rg3 56. Rc7+ Ke8 57. e6 d3 58. Rd7 Rg6 59. Ke5 Rg4 60. Kf5 Rxc4 61. Ne5 Rd4 62. Rxg7 d2 63. Rg8+ Ke7 64. Rg7+ Kf8 65. Rc7 d1=Q 66. Ng6+ Ke8 67. e7 Qg4+ 68. Kf6 Rd6+ 69. Ke5 Re6+ 70. Kd5 Qe4# 0-1

[Event "Saint Louis Masters"]
[Site "Saint Louis USA"]
[Date "2024.12.04"]
[Round "3.24"]
[White "Harsha, Bharathakoti"]
[Black "Mendes, Aaron Reeve"]
[Result "1/2-1/2"]
[WhiteElo "2531"]
[BlackElo "2359"]
[PlyCount "158"]
[GameId "2129405228077438"]
[EventDate "2024.12.03"]
[EventType "swiss"]
[EventRounds "9"]
[EventCountry "USA"]
[SourceTitle "10Days CBH #1-#780"]
[Source "ChessMix "]
[SourceDate "2024.12.20"]
[SourceVersion "1"]
[SourceVersionDate "2024.12.20"]
[SourceQuality "1"]

1. d4 d5 2. Nf3 Nf6 3. g3 g6 4. Bg2 Bg7 5. O-O O-O 6. c3 Nbd7 7. a4 a5 8. Bf4 Nh5 9. Bg5 h6 10. Be3 Nhf6 11. Na3 c6 12. c4 Nb6 13. b3 Bf5 14. Qc1 Kh7 15. Rd1 Qe8 16. Ne5 Ng4 17. Bf4 Nxe5 18. Bxe5 Qd7 19. cxd5 cxd5 20. Qc5 Ra6 21. Rac1 Rc8 22. Qb5 Rc6 23. Bxg7 Kxg7 24. e3 Qd6 25. Rxc6 Qxc6 26. Qc5 Kf8 27. Qxc6 bxc6 28. Bf1 Ra8 29. Rc1 Bd7 30. Rc3 Nc8 31. Nc2 Nd6 32. f3 Rb8 33. Ne1 Rb6 34. Nd3 Be8 35. Kf2 e6 36. Bg2 Ke7 37. e4 f6 38. Ke3 g5 39. Bh3 dxe4 40. fxe4 Bg6 41. Bg2 h5 42. h4 g4 43. Nc5 e5 44. dxe5 fxe5 45. Bf1 Rb4 46. Bd3 Rd4 47. Rc1 Bf7 48. Rc2 Rb4 49. Rc3 Bg6 50. Na6 Rb6 51. Nc5 Bh7 52. Bc2 Rb4 53. Rd3 Bxe4 54. Rxd6 Bxc2 55. Re6+ Kf7 56. Rxe5 Bxb3 57. Rxh5 Bd5 58. Rf5+ Ke7 59. h5 Kd6 60. Nd3 Re4+ 61. Kd2 Rxa4 62. Nf4 Ra2+ 63. Kc1 Rh2 64. Rg5 a4 65. Nxd5 cxd5 66. Rxg4 a3 67. Kb1 Rxh5 68. Ka2 Rh8 69. Kxa3 Rc8 70. Kb2 Ke5 71. Rf4 d4 72. Rf1 d3 73. Rc1 Rg8 74. Kc3 Rxg3 75. Re1+ Kd5 76. Re8 Kd6 77. Rd8+ Ke5 78. Rxd3 Kf4 79. Rxg3 Kxg3 1/2-1/2

[Event "Saint Louis Masters"]
[Site "Saint Louis USA"]
[Date "2024.12.04"]
[Round "4.22"]
[White "Mendes, Aaron Reeve"]
[Black "Stearman, Josiah"]
[Result "1/2-1/2"]
[WhiteElo "2359"]
[BlackElo "2443"]
[PlyCount "127"]
[GameId "2129405228077464"]
[EventDate "2024.12.03"]
[EventType "swiss"]
[EventRounds "9"]
[EventCountry "USA"]
[SourceTitle "10Days CBH #1-#780"]
[Source "ChessMix "]
[SourceDate "2024.12.20"]
[SourceVersion "1"]
[SourceVersionDate "2024.12.20"]
[SourceQuality "1"]

1. e4 c5 2. Nf3 e6 3. b3 Nc6 4. Bb2 Nh6 5. Be2 f5 6. d3 d6 7. Bc1 Qf6 8. c3 Nf7 9. exf5 e5 10. Be3 Bxf5 11. d4 cxd4 12. cxd4 e4 13. Nfd2 d5 14. Nc3 Rd8 15. Nf1 Bc5 16. Nb5 Bb4+ 17. Bd2 O-O 18. Bxb4 Nxb4 19. Ne3 Nc6 20. Qd2 a6 21. Nc7 Nxd4 22. Rd1 Nxe2 23. Ncxd5 Qg5 24. h4 Qh6 25. Nxf5 Qxd2+ 26. Rxd2 Nc1 27. O-O Nd3 28. f3 g6 29. Nfe7+ Kg7 30. fxe4 Nfe5 31. Rxf8 Rxf8 32. Rc2 Kh6 33. Rc7 Kh5 34. Ng8 h6 35. Ngf6+ Kxh4 36. Rxb7 Kg3 37. Rc7 h5 38. Rc3 h4 39. Nb4 Nf3+ 40. gxf3 Nxb4 41. e5 Rd8 42. f4+ Kxf4 43. Rc4+ Kxe5 44. Ng4+ Kf5 45. Rxb4 Rd1+ 46. Kg2 Rd2+ 47. Nf2 g5 48. Kf3 Rxa2 49. Ng4 Ra1 50. Ne3+ Kg6 51. Rb6+ Kh5 52. Ng4 Rf1+ 53. Kg2 Rb1 54. Nf6+ Kg6 55. Nd5+ Kf5 56. Rb4 Rb2+ 57. Kh3 Re2 58. Ra4 Ke5 59. Ra5 Kd4 60. Nc7 Re3+ 61. Kh2 Rxb3 62. Ne6+ Kc4 63. Nxg5 Rb5 64. Rxa6 1/2-1/2

[Event "Saint Louis Masters"]
[Site "Saint Louis USA"]
[Date "2024.12.05"]
[Round "5.25"]
[White "Krishnan, Varun"]
[Black "Mendes, Aaron Reeve"]
[Result "1-0"]
[WhiteElo "2383"]
[BlackElo "2359"]
[PlyCount "137"]
[GameId "2129405228077495"]
[EventDate "2024.12.03"]
[EventType "swiss"]
[EventRounds "9"]
[EventCountry "USA"]
[SourceTitle "10Days CBH #1-#780"]
[Source "ChessMix "]
[SourceDate "2024.12.20"]
[SourceVersion "1"]
[SourceVersionDate "2024.12.20"]
[SourceQuality "1"]

1. e4 c5 2. Nf3 d6 3. d4 cxd4 4. Nxd4 Nf6 5. Nc3 a6 6. a4 e5 7. Nf3 Be7 8. Bg5 Be6 9. Bxf6 Bxf6 10. Nd5 Nd7 11. Bc4 Rc8 12. b3 Nb6 13. Nxf6+ Qxf6 14. Bxe6 Qxe6 15. O-O O-O 16. a5 Nd7 17. Nd2 Rc6 18. Nc4 Nf6 19. Re1 g6 20. Re3 Kg7 21. Qd2 Rc7 22. Rd1 Rd8 23. Nb6 Rc5 24. c4 Ng8 25. Rd3 Ne7 26. b4 Rxc4 27. Nxc4 Qxc4 28. Rxd6 Rxd6 29. Qxd6 Nc6 30. f3 Qb3 31. h4 h5 32. Kh2 Qe3 33. Qd2 Qb3 34. Qd6 Qe3 35. Kh3 Qf4 36. Qd2 Qf6 37. Rc1 Qe6+ 38. Kh2 Qe7 39. Kg3 Nxb4 40. Qg5 Qd6 41. Rb1 Kg8 42. Qe3 Nc2 43. Qb6 Qd2 44. Qf2 Qd3 45. Rxb7 Nd4 46. Rb2 Qa3 47. Qd2 Qc5 48. Rb8+ Kh7 49. Rb7 Kg7 50. Qa2 Qf8 51. Qd5 Qe8 52. Qd7 Qf8 53. Qe7 Qxe7 54. Rxe7 Nc6 55. Rc7 Nxa5 56. Rc5 Nb7 57. Rxe5 Kf8 58. Rd5 Ke7 59. Kf4 f6 60. g4 hxg4 61. fxg4 Ke6 62. h5 g5+ 63. Ke3 Nd6 64. Rxd6+ Kxd6 65. h6 a5 66. h7 Ke5 67. h8=Q a4 68. Qd8 a3 69. Qd5# 1-0

[Event "Saint Louis Masters"]
[Site "Saint Louis USA"]
[Date "2024.12.05"]
[Round "6.26"]
[White "Mendes, Aaron Reeve"]
[Black "Ladan, Nicholas"]
[Result "0-1"]
[WhiteElo "2359"]
[BlackElo "2187"]
[PlyCount "160"]
[GameId "2129405228085716"]
[EventDate "2024.12.03"]
[EventType "swiss"]
[EventRounds "9"]
[EventCountry "USA"]
[SourceTitle "10Days CBH #1-#780"]
[Source "ChessMix "]
[SourceDate "2024.12.20"]
[SourceVersion "1"]
[SourceVersionDate "2024.12.20"]
[SourceQuality "1"]

1. e4 e5 2. Nf3 Nc6 3. d4 exd4 4. Nxd4 Qf6 5. Nf3 Bb4+ 6. c3 Bc5 7. Nbd2 Nge7 8. Be2 d6 9. O-O O-O 10. Nb3 Bb6 11. Nbd4 h6 12. Re1 Ne5 13. Be3 N7g6 14. Qd2 Ng4 15. Nc2 Nxe3 16. Nxe3 Qf4 17. Bd3 Ne5 18. Nd4 Re8 19. Bc2 Qg5 20. Kh1 Bd7 21. f3 Ng6 22. Qf2 c6 23. g3 Qf6 24. Rad1 Rad8 25. Kg1 Ne5 26. Kg2 h5 27. h4 Bc8 28. Bb3 Nd7 29. a3 Nc5 30. Ba2 Ne6 31. Nc4 Bc7 32. Ne3 Bb6 33. Nec2 Nc5 34. Rd2 d5 35. exd5 Rxe1 36. Qxe1 cxd5 37. Ne2 Qe5 38. Nf4 Qxe1 39. Nxe1 d4 40. cxd4 Ne6 41. Nxe6 fxe6 42. Nc2 Kf8 43. Kf1 e5 44. d5 Ke7 45. Ke2 Bf5 46. Ne3 Bxe3 47. Kxe3 Kd6 48. g4 hxg4 49. fxg4 Bxg4 50. Rg2 Bf5 51. Rxg7 Rh8 52. Rxb7 Rxh4 53. Rxa7 Rh3+ 54. Kd2 e4 55. Rg7 Ke5 56. Rg1 Kd4 57. Kc1 e3 58. Rd1+ Bd3 59. d6 e2 60. Re1 Ke3 61. d7 Rh6 62. d8=N Rd6 63. Rh1 Rxd8 64. b4 Rf8 65. Rh3+ Rf3 66. Rxf3+ Kxf3 67. Kd2 Kf2 68. Kxd3 e1=Q 69. Bb3 Qe3+ 70. Kc4 Qc1+ 71. Kb5 Qxa3 72. Bc4 Ke3 73. Kc5 Qa7+ 74. Kb5 Kd4 75. Bb3 Kc3 76. Bd5 Qb8+ 77. Ka6 Kxb4 78. Bb7 Kc5 79. Ka5 Qxb7 80. Ka4 Qb4# 0-1

[Event "Saint Louis Masters"]
[Site "Saint Louis USA"]
[Date "2024.12.06"]
[Round "7.25"]
[White "Adewumi, Tanitoluwa"]
[Black "Mendes, Aaron Reeve"]
[Result "1-0"]
[WhiteElo "2349"]
[BlackElo "2359"]
[PlyCount "120"]
[GameId "2129405228085742"]
[EventDate "2024.12.03"]
[EventType "swiss"]
[EventRounds "9"]
[EventCountry "USA"]
[SourceTitle "10Days CBH #1-#780"]
[Source "ChessMix "]
[SourceDate "2024.12.20"]
[SourceVersion "1"]
[SourceVersionDate "2024.12.20"]
[SourceQuality "1"]

1. Nf3 d5 2. b3 Nf6 3. Bb2 c6 4. g3 Bg4 5. Bg2 e6 6. h3 Bh5 7. O-O Bd6 8. c4 O-O 9. Nc3 Nbd7 10. d3 Qe7 11. a3 h6 12. b4 a5 13. b5 Bxf3 14. Bxf3 dxc4 15. bxc6 bxc6 16. d4 Rab8 17. Qc1 c5 18. Ne4 Rfc8 19. Nxd6 Qxd6 20. Rd1 Qe7 21. Bc3 cxd4 22. Rxd4 e5 23. Rh4 Qc5 24. e3 Nf8 25. Be2 Qd5 26. Qf1 Ne4 27. Rd1 Qc6 28. Bxe5 Rb5 29. Bd4 Ng6 30. Rh5 Rb3 31. Bf3 Qe8 32. Rxa5 c3 33. Qd3 c2 34. Qxb3 Nd2 35. Rxd2 c1=Q+ 36. Rd1 Qc7 37. Ra7 Qcd8 38. Bxg7 Qg5 39. Bd4 Rd8 40. Rb7 h5 41. Bc6 Qf8 42. Rb5 Qge7 43. Bc5 Rxd1+ 44. Qxd1 Qfd8 45. Rb8 Qxb8 46. Bxe7 Nxe7 47. Be4 Qe5 48. Qd8+ Kg7 49. Qd4 f6 50. Qxe5 fxe5 51. a4 Nc8 52. a5 Kf6 53. a6 Na7 54. Kf1 Nb5 55. Ke2 Nc3+ 56. Kd3 Nxe4 57. Kxe4 Kg5 58. a7 Kh6 59. Kf5 h4 60. a8=Q hxg3 1-0

[Event "Saint Louis Masters"]
[Site "Saint Louis USA"]
[Date "2024.12.06"]
[Round "8.27"]
[White "Mendes, Aaron Reeve"]
[Black "Tokhirjonova, Gulrukhbegim"]
[Result "1-0"]
[WhiteElo "2359"]
[BlackElo "2385"]
[PlyCount "117"]
[GameId "2129405228085771"]
[EventDate "2024.12.03"]
[EventType "swiss"]
[EventRounds "9"]
[EventCountry "USA"]
[SourceTitle "10Days CBH #1-#780"]
[Source "ChessMix "]
[SourceDate "2024.12.20"]
[SourceVersion "1"]
[SourceVersionDate "2024.12.20"]
[SourceQuality "1"]

1. e4 e5 2. Nf3 Nc6 3. d4 exd4 4. Nxd4 Nf6 5. Nxc6 bxc6 6. Nd2 Bc5 7. Be2 O-O 8. e5 Ne8 9. O-O d5 10. Nb3 Be7 11. Bf3 Be6 12. Na5 Qd7 13. c4 f6 14. Nxc6 Qxc6 15. cxd5 Qb6 16. exf6 Rxf6 17. dxe6 Rd8 18. Qc2 Rxe6 19. Be3 c5 20. Rad1 Rxd1 21. Rxd1 Nf6 22. Qc4 a5 23. a3 Kf8 24. b4 axb4 25. axb4 Rxe3 26. fxe3 cxb4 27. Rd3 Bd6 28. Bd1 Qc7 29. Qxc7 Bxc7 30. Rd4 Bb6 31. Rxb4 Bxe3+ 32. Kf1 Nd5 33. Rb8+ Ke7 34. Rb7+ Kf6 35. Bb3 Ne7 36. Ke2 Bc5 37. Kd3 Bd6 38. g3 g6 39. Ke4 Bc5 40. Ba2 h5 41. Rb3 Bg1 42. h3 Bc5 43. Rf3+ Kg5 44. h4+ Kh6 45. Be6 Bd6 46. Rf7 Ba3 47. Kf3 Bd6 48. Ba2 Ba3 49. Bb1 Bb4 50. Ke4 Bd6 51. Kd4 Ng8 52. Rf3 Ne7 53. Be4 Kg7 54. Kc4 Be5 55. Kc5 Bf6 56. Kd6 g5 57. Ke6 Ng8 58. hxg5 Bxg5 59. Rf7+ 1-0

[Event "Saint Louis Masters"]
[Site "Saint Louis USA"]
[Date "2024.12.07"]
[Round "9.25"]
[White "Proleiko, Julian"]
[Black "Mendes, Aaron Reeve"]
[Result "1/2-1/2"]
[WhiteElo "2265"]
[BlackElo "2359"]
[PlyCount "294"]
[GameId "2129405228085796"]
[EventDate "2024.12.03"]
[EventType "swiss"]
[EventRounds "9"]
[EventCountry "USA"]
[SourceTitle "10Days CBH #1-#780"]
[Source "ChessMix "]
[SourceDate "2024.12.20"]
[SourceVersion "1"]
[SourceVersionDate "2024.12.20"]
[SourceQuality "1"]

1. Nf3 d5 2. g3 Nf6 3. Bg2 c6 4. c4 Bf5 5. O-O e6 6. cxd5 cxd5 7. Qb3 Qc8 8. Nc3 Nc6 9. d3 Be7 10. Bg5 O-O 11. Rac1 h6 12. Bxf6 Bxf6 13. e4 dxe4 14. Nxe4 Bxe4 15. dxe4 Qd7 16. Rfd1 Qe7 17. Rxc6 bxc6 18. e5 Rab8 19. Qc2 Qb4 20. exf6 Qxb2 21. Qxc6 Qxf6 22. Qa6 Rfd8 23. Re1 Rd7 24. h4 Qc3 25. Qa4 Rdb7 26. Kh2 Rd8 27. Re2 Rc7 28. Ne5 Qd4 29. Qb3 Qc3 30. Qa4 Qd4 31. Qa5 Qc5 32. Qa6 Rd4 33. Bh3 Qb6 34. Qxb6 axb6 35. Bg2 Rc5 36. f4 b5 37. Rb2 f6 38. Nc6 Rd6 39. Na7 b4 40. Rxb4 Ra6 41. Rb8+ Kh7 42. Rc8 Rxc8 43. Nxc8 Rxa2 44. Ne7 g6 45. Kh3 Ra4 46. Nc6 Kg7 47. Nd8 Ra6 48. Bf1 Rd6 49. Nb7 Rd4 50. Nc5 Kf7 51. Bg2 Ke7 52. Nb3 Rd3 53. Na5 Re3 54. Nc6+ Kd6 55. Nd8 Kd7 56. Nb7 Rc3 57. Na5 Kc7 58. Bf1 Kb6 59. Nc4+ Kc5 60. Nd2 Kd4 61. Bg2 f5 62. Nf1 Rc2 63. Kh2 Kd3 64. Kg1 Ke2 65. Bb7 Rb2 66. Bc6 Rc2 67. Ba4 Rc1 68. Kg2 Rc7 69. Be8 Rg7 70. Bb5+ Ke1 71. Nh2 Kd2 72. Bc4 Re7 73. Nf3+ Ke3 74. Ne5 g5 75. hxg5 hxg5 76. fxg5 Rg7 77. Bxe6 Rxg5 78. Nf3 Rh5 79. Bd7 f4 80. g4 Rc5 81. Bf5 Rb5 82. Ne1 Rb2+ 83. Nc2+ Ke2 84. Nd4+ Ke3+ 85. Nc2+ Ke2 86. Be4 f3+ 87. Bxf3+ Kd3 88. Kg3 Rxc2 89. Kf4 Rc4+ 90. Kf5 Ke3 91. Bd5 Rf4+ 92. Kg6 Rxg4+ 93. Kh7 Kf4 94. Bg8 Kg5 95. Kg7 Kf5+ 96. Kh7 Kf6 97. Kh8 Kg6 98. Bh7+ Kf7 99. Bb1 Rb4 100. Ba2+ Kf8 101. Bg8 Rb1 102. Bd5 Rd1 103. Bc4 Rd4 104. Bg8 Ra4 105. Bh7 Kf7 106. Bg8+ Kg6 107. Bh7+ Kh6 108. Bg8 Rg4 109. Bh7 Rh4 110. Bd3 Rh3 111. Bf5 Rf3 112. Bh7 Kg5 113. Kg7 Ra3 114. Be4 Ra7+ 115. Kh8 Kh6 116. Kg8 Ra4 117. Bc2 Ra8+ 118. Kf7 Rc8 119. Bd3 Rc7+ 120. Kg8 Rg7+ 121. Kf8 Rd7 122. Bc2 Kg5 123. Kg8 Rc7 124. Bd3 Kf6 125. Kh8 Kf7 126. Bb1 Ra7 127. Be4 Rd7 128. Bc2 Rd8+ 129. Kh7 Rd2 130. Bg6+ Kf6 131. Be4 Rd4 132. Bc2 Rc4 133. Bb1 Rc1 134. Bd3 Rd1 135. Bc2 Rd4 136. Bb1 Rb4 137. Bd3 Kf7 138. Bg6+ Ke7 139. Bd3 Kf7 140. Bg6+ Kf6 141. Bd3 Rd4 142. Bb1 Rd2 143. Be4 Kf7 144. Bg6+ Kf8 145. Kh8 Ke7 146. Kh7 Kf6 147. Bb1 Rh2+ 1/2-1/2

[Event "Wch FIDE Online U10"]
[Site "Tornelo INT"]
[Date "2020.12.19"]
[Round "1.1"]
[White "Manon, Reja Neer"]
[Black "Mendes, Aaron Reeve"]
[Result "1-0"]
[WhiteElo "2197"]
[BlackElo "1520"]
[PlyCount "161"]
[GameId "1596265729777664"]
[EventDate "2020.12.19"]
[EventType "k.o. (rapid)"]
[EventRounds "4"]
[EventCountry "ISS"]
[SourceTitle "EXT 2022"]
[Source "ChessBase"]
[SourceDate "2021.10.06"]
[SourceVersion "1"]
[SourceVersionDate "2021.10.06"]
[SourceQuality "1"]

1. e4 e5 2. Nf3 Nf6 3. Nxe5 d6 4. Nf3 Nxe4 5. d3 Nf6 6. d4 d5 7. Bd3 Bd6 8. Qe2+ Qe7 9. Qxe7+ Bxe7 10. Bf4 c6 11. O-O O-O 12. Re1 Re8 13. Nbd2 Bg4 14. Ne5 Nbd7 15. Nxg4 Nxg4 16. Bf5 Ngf6 17. Re3 Bb4 18. Rb3 Bxd2 19. Bxd2 Nb6 20. Bf4 Ne4 21. a4 Nxa4 22. f3 Nec5 23. dxc5 Nxc5 24. Re3 a6 25. Rae1 Rxe3 26. Rxe3 g6 27. Bd3 Ne6 28. Be5 c5 29. c3 b5 30. Kf2 Rc8 31. Re1 Kf8 32. Bd6+ Ke8 33. Ra1 c4 34. Bc2 Rc6 35. Be5 Kd7 36. Rd1 Rc5 37. Ke3 a5 38. f4 b4 39. Ba4+ Ke7 40. Bd4 Nxd4 41. Kxd4 Kd6 42. Re1 Rc8 43. Re5 bxc3 44. Rxd5+ Ke7 45. bxc3 f6 46. Rxa5 g5 47. fxg5 fxg5 48. Rxg5 Kf6 49. Rd5 h5 50. Bb5 Kg6 51. Bxc4 Kg7 52. Bd3 Kf6 53. c4 h4 54. c5 h3 55. gxh3 Rh8 56. Rf5+ Ke6 57. Rf3 Rh4+ 58. Be4 Rh5 59. Rg3 Ke7 60. c6 Kd6 61. Rg6+ Kc7 62. Bd5 Kb6 63. Rg3 Rh7 64. Ke5 Kc7 65. Kf6 Rh6+ 66. Kg5 Rd6 67. Bf3 Re6 68. h4 Re5+ 69. Kf6 Re8 70. h5 Kd6 71. h6 Rf8+ 72. Kg7 Ke7 73. Bd5 Rd8 74. h7 Rd6 75. h8=Q Rg6+ 76. Kxg6 Kd6 77. Qd8+ Ke5 78. c7 Kd4 79. c8=Q Ke5 80. Qe6+ Kd4 81. Qdb6# 1-0

[Event "Wch FIDE Online U10"]
[Site "Tornelo INT"]
[Date "2020.12.20"]
[Round "2.1"]
[White "Mendes, Aaron Reeve"]
[Black "Woodward, Andy"]
[Result "0-1"]
[WhiteElo "1520"]
[BlackElo "1975"]
[PlyCount "88"]
[GameId "1596265729912832"]
[EventDate "2020.12.19"]
[EventType "k.o. (rapid)"]
[EventRounds "4"]
[EventCountry "ISS"]
[SourceTitle "EXT 2022"]
[Source "ChessBase"]
[SourceDate "2021.10.06"]
[SourceVersion "1"]
[SourceVersionDate "2021.10.06"]
[SourceQuality "1"]

1. d4 d5 2. Bf4 c5 3. c3 Nc6 4. e3 Nf6 5. Nf3 Qb6 6. Qb3 c4 7. Qxb6 axb6 8. a3 b5 9. Nbd2 b4 10. cxb4 Nxb4 11. Rc1 Nc6 12. Be2 Bf5 13. O-O e6 14. Nb1 Be7 15. Nc3 O-O 16. Bd1 Ne4 17. Nxe4 Bxe4 18. Ne5 Nxe5 19. Bxe5 b5 20. Bc2 Bxc2 21. Rxc2 b4 22. axb4 Bxb4 23. h3 Ra2 24. Rb1 Rfa8 25. Kh2 f6 26. Bg3 Ra1 27. Rcc1 Rxb1 28. Rxb1 Ra2 29. Kg1 Kf7 30. Kf1 Ke8 31. Ke2 Bc3 32. Kd1 Bxb2 33. f3 Kd7 34. Be1 Kc6 35. Kc2 Bxd4+ 36. Kd1 Bxe3 37. g3 d4 38. f4 c3 39. Rc1 Bxc1 40. Kxc1 Ra1+ 41. Kc2 Rxe1 42. f5 Kd5 43. fxe6 Kc4 44. e7 d3# 0-1

[Event "Wch FIDE Online U10"]
[Site "Tornelo INT"]
[Date "2020.12.20"]
[Round "2.2"]
[White "Woodward, Andy"]
[Black "Mendes, Aaron Reeve"]
[Result "1-0"]
[WhiteElo "1975"]
[BlackElo "1520"]
[PlyCount "73"]
[GameId "1596265729916928"]
[EventDate "2020.12.19"]
[EventType "k.o. (rapid)"]
[EventRounds "4"]
[EventCountry "ISS"]
[SourceTitle "EXT 2022"]
[Source "ChessBase"]
[SourceDate "2021.10.06"]
[SourceVersion "1"]
[SourceVersionDate "2021.10.06"]
[SourceQuality "1"]

1. d4 d5 2. c4 c6 3. Nf3 Nf6 4. Nc3 dxc4 5. a4 Bf5 6. Ne5 e6 7. e3 Bb4 8. Bxc4 O-O 9. O-O Nbd7 10. Nxd7 Qxd7 11. Qe2 Rad8 12. Rd1 Qc7 13. e4 Bxc3 14. exf5 Bxd4 15. fxe6 fxe6 16. Be3 Bxe3 17. Qxe3 Rde8 18. h3 a6 19. Bxe6+ Kh8 20. Re1 Re7 21. Qc3 Rfe8 22. Bf5 Nd5 23. Qd2 Rf8 24. Bg4 Ref7 25. Bf3 Nf4 26. Qe3 Nxh3+ 27. gxh3 Rxf3 28. Qxf3 Qd6 29. Qg3 Qf6 30. Rad1 Qxb2 31. Rd3 Qb4 32. Rde3 Qxa4 33. Re8 Qb4 34. R1e7 Qb1+ 35. Kh2 Qh1+ 36. Kxh1 h6 37. Qxg7# 1-0

[Event "Las Americas op U2400 Hybrid"]
[Site "Internet"]
[Date "2022.06.04"]
[Round "1.11"]
[White "Mendes, Aaron Reeve"]
[Black "Cutipa, Gianfranco"]
[Result "1-0"]
[WhiteElo "1726"]
[BlackElo "2133"]
[PlyCount "111"]
[GameId "1938555359531008"]
[EventDate "2022.06.04"]
[EventType "swiss"]
[EventRounds "6"]
[EventCountry "VEN"]
[SourceTitle "EXT 2024"]
[Source "ChessBase"]
[SourceDate "2023.10.10"]
[SourceVersion "1"]
[SourceVersionDate "2023.10.10"]
[SourceQuality "1"]

1. e4 d5 2. exd5 Qxd5 3. Nc3 Qa5 4. d4 Nf6 5. Bc4 c6 6. Bf4 Bf5 7. Nge2 e6 8. O-O Be7 9. Ng3 Bg6 10. Qe2 O-O 11. Rad1 Re8 12. Rfe1 Bb4 13. Bd2 Bxc2 14. Rc1 Bg6 15. a3 Bxc3 16. Bxc3 Qd8 17. Rcd1 Nbd7 18. Bd3 Nd5 19. Bxg6 hxg6 20. Ne4 N7f6 21. f3 Qe7 22. Bd2 Rad8 23. Bg5 Qc7 24. Qf2 Rc8 25. Bh4 Nh5 26. Qd2 f6 27. Nc5 Kf7 28. Qc2 g5 29. Bf2 Nhf4 30. b4 b6 31. Ne4 Ne7 32. Rc1 Qd7 33. Rcd1 Nf5 34. h3 Red8 35. Qd2 Nd5 36. g4 Nd6 37. Bg3 Nb7 38. Qf2 Ra8 39. f4 gxf4 40. Bxf4 Nxf4 41. Qxf4 Qd5 42. Rf1 Nd6 43. Ng3 a5 44. Nh5 Ne8 45. g5 f5 46. Qh4 g6 47. Nf4 Qb3 48. Qh7+ Ng7 49. Qxg6+ Kg8 50. Nh5 Qe3+ 51. Rf2 Ra7 52. Nf6+ Kf8 53. Qh6 Kf7 54. g6+ Kxf6 55. Qxe3 axb4 56. Qe5+ 1-0